Digital Signal Processing: Theory, Analysis & Digital Filter Design (Record no. 23918)

000 -LEADER
fixed length control field 00209nam a22000617a 4500
003 - CONTROL NUMBER IDENTIFIER
control field Nust
005 - DATE AND TIME OF LATEST TRANSACTION
control field 20170410135243.0
008 - FIXED-LENGTH DATA ELEMENTS--GENERAL INFORMATION
fixed length control field 140425b xxu||||| |||| 00| 0 eng d
020 ## - INTERNATIONAL STANDARD BOOK NUMBER
International Standard Book Number 8120325958
040 ## - CATALOGING SOURCE
Original cataloging agency DLC
Language of cataloging DLC
Transcribing agency RCMS
082 ## - DEWEY DECIMAL CLASSIFICATION NUMBER
Classification number 621.38NAI
100 ## - MAIN ENTRY--PERSONAL NAME
Personal name B. Somanathan Nair
245 ## - TITLE STATEMENT
Title Digital Signal Processing: Theory, Analysis & Digital Filter Design
260 ## - PUBLICATION, DISTRIBUTION, ETC.
Place of publication, distribution, etc. New Delhi
Name of publisher, distributor, etc. Prentice- Hall
Date of publication, distribution, etc. c2004
300 ## - PHYSICAL DESCRIPTION
Extent xv,471,p:
Other physical details ill:
Dimensions 26,cm.
538 ## - SYSTEM DETAILS NOTE
Display text Shelf # 15, Row # 1, Communication.
650 ## - SUBJECT ADDED ENTRY--TOPICAL TERM
Topical term or geographic name entry element Technology & Engineering / Mobile & Wireless Communications/Signals & Signal Processing
856 ## - ELECTRONIC LOCATION AND ACCESS
Materials specified Table of content only
942 ## - ADDED ENTRY ELEMENTS (KOHA)
Source of classification or shelving scheme
Koha item type Book
Holdings
Withdrawn status Lost status Source of classification or shelving scheme Damaged status Not for loan Permanent Location Current Location Shelving location Date acquired Total Checkouts Full call number Barcode Date last seen Price effective from Koha item type
          Central Library (CL) Central Library (CL) General Stacks 04/25/2014   621.38NAI RCMS000278 04/25/2014 04/25/2014 Book
          NUST Baluchistan Campus (NBC) NUST Baluchistan Campus (NBC) General Stacks 03/20/2017   621.38NAI RCMS000224 03/20/2017 03/20/2017 Book
© 2023 Central Library, National University of Sciences and Technology. All Rights Reserved.